Budúcnosť štátu v aerolinkách je neistá

Postoj štátu k spoločnosti Slovenské aerolínie (SLA), a.s. Bratislava je nejasný a stále sa mení. Nejasné je aj budúce fungovanie aerolínií. Problém ako sa vyrovnať s lietadlami privezenými z Ruska ešte za šéfovania A. Rezeša. SLA dosiaľ vykazovali vždy stratu. Prelomom vo fungovaní SLA by mal byť B...

Ausführliche Beschreibung

Gespeichert in:
Bibliographische Detailangaben
1. Verfasser: Beer, Gabriel
Format: Buchkapitel
Sprache:Slowakisch
Schlagworte:
Tags: Tag hinzufügen
Keine Tags, Fügen Sie das erste Tag hinzu!

MARC

LEADER 00000naa a2200000 4500
001 r045878
005 20230921114028.3
041 0 |a slo 
044 |a SK 
245 1 0 |a Budúcnosť štátu v aerolinkách je neistá  |c Gabriel Beer 
520 |a Postoj štátu k spoločnosti Slovenské aerolínie (SLA), a.s. Bratislava je nejasný a stále sa mení. Nejasné je aj budúce fungovanie aerolínií. Problém ako sa vyrovnať s lietadlami privezenými z Ruska ešte za šéfovania A. Rezeša. SLA dosiaľ vykazovali vždy stratu. Prelomom vo fungovaní SLA by mal byť Boeing 737-300 získaný na lízing v r. 2002. Potreba prípravy programu využitia tohto lietadla. 
610 2 0 |a doprava letecká 
610 2 0 |a lietadlá 
610 2 0 |a hospodárenie podnikové 
610 2 0 |a štát 
610 2 0 |a privatizácia 
610 2 0 |a strata 
610 2 0 |a deblokácia 
610 2 0 |a dlhy 
610 2 0 |a Rusko 
610 2 0 |a Slovensko 
610 2 0 |a Slovenské aerolínie, a.s. Bratislava 
100 1 |a Beer, Gabriel